00672nam a2200181 a 450000100100000000500170001000800410002702000150006804000250008310000270010824500610013526000770019630000200027349000340029383000410032795201050036899900170047300004412720201002045150.0140516s2001 sp 000 0 spa d a8489633576 aDO-SdBNPbspacBNPHU1 aUriarte, Edurme97213110aDemocracia, nacionalismo y terrorismo /cEdurme Uriarte. aMadrid :bFundación para el análisis y los Estudios Sociales,c2001. a48 p. ;c22 cm.1 aPapeles de la Fundaciónv65 0aPapeles de la Fundaciónv65969193 001050718MOaGRbGRcCTd2014-05-16iLF1l0o p44127-10r2020-06-25w2020-06-25y1ZNo se presta c43616d43616